Καλύπτοντας το Ισλάμ : πώς τα Μ.Μ.Ε. και οι αναλυτές καθορίζουν την εικόνα που έχουμε για τον υπόλοιπο κόσμο
Αποθηκεύτηκε σε:
| Κύριος συγγραφέας: | |
|---|---|
| Μορφή: | Βιβλίο |
| Γλώσσα: | Greek English |
| Δημοσίευση: |
Αθήνα :
Νεφέλη,
2002.
|
| Σειρά: | Θεωρία - Κριτική
|
| Θέματα: | |
| Ετικέτες: |
Προσθήκη ετικέτας
Δεν υπάρχουν, Καταχωρήστε ετικέτα πρώτοι!
|
MARC
| LEADER | 00000cam a2200000 i 4500 | ||
|---|---|---|---|
| 001 | 1/93287 | ||
| 008 | 080905s2002 gr | ||| |||| ||gre|| | ||
| 020 | |a 9602116293 | ||
| 035 | |l 10099937 | ||
| 040 | |a GR-MyUa |b gre |e AACR2 | ||
| 041 | 1 | |a gre |h eng | |
| 082 | 7 | |a 909.097671 |2 (22) | |
| 100 | 1 | |a Said, Edward W. | |
| 245 | 1 | 0 | |a Καλύπτοντας το Ισλάμ : |b πώς τα Μ.Μ.Ε. και οι αναλυτές καθορίζουν την εικόνα που έχουμε για τον υπόλοιπο κόσμο / |c Edward W. Said ; μετάφραση Έλλη Έμκε. |
| 260 | |a Αθήνα : |b Νεφέλη, |c 2002. | ||
| 300 | |a 253 σ. ; |c 21 εκ. | ||
| 490 | 1 | |a (Θεωρία - Κριτική) | |
| 500 | |a Τίτλος πρωτοτύπου: Covering Islam. | ||
| 504 | |a Περιλαμβάνει βιβλιογραφικές παραπομπές. | ||
| 650 | 0 | |a Islam |x Publim opinion. | |
| 650 | 0 | |a Public opinion |z United States. | |
| 650 | 0 | |a Public opinion |z Europe. | |
| 830 | 0 | |a Θεωρία - Κριτική | |
| 852 | |a INST |b SYROS |e 20080905 |h 909.097671 SAI |p 005500005606 |q 005500005606 |t BK |y 0 | ||
| 901 | |a BIBL5-2008-2 | ||
| 922 | |a 5ΕΛΗ |b 200711 |c ΕΠΕΑΕΚ2/ΤΜΣΠΣ |d Σ. Πατάκης | ||
| 970 | |a Κοντού |b Παρασκευή |z 05/09/2008 | ||